| 000 | 00936cam a2200265Mi 4500 | ||
|---|---|---|---|
| 001 | 94427 | ||
| 005 | 20230410101830.0 | ||
| 008 | 020501s1955 dr o 100 0 spa d | ||
| 035 | _a(OCoLC)ocn638875604 | ||
| 040 |
_aESUDE _bspa _cESUDE |
||
| 035 | _a(OCoLC)638875604 | ||
| 050 | 1 | 4 |
_a118 BF 20 _bC749a 1955 |
| 111 | 2 |
_aCongreso Interamericano de Psicología _n(1o.. _d1953. _cCiudad Trujillo, Rep. Dominicana) |
|
| 245 | 1 | 0 |
_aActas del Primer Congreso Interamericano de Psicología : _bcelebrado en Ciudad Trujillo, Rep. Dominicana, del 10 al 20 de diciembre de 1953. |
| 260 |
_aCiudad Trujillo, República Dominicana : _bEditora del Caribe, _c1955. |
||
| 300 |
_a810 p. : _bil. ; _c23 cm. |
||
| 500 | _aTexto en español e inglés. | ||
| 650 | 0 |
_aPsychology _vCongresses. |
|
| 650 | 4 |
_aPsicología _vCongresos. |
|
| 650 | 4 | _aCFB | |
| 650 | 4 | _aColección Font Bernard | |
| 942 |
_2lcc _cbk |
||
| 946 | _amm | ||
| 994 |
_aC0 _bDRFGD |
||
| 999 |
_c14777 _d14777 |
||